[Event "EU-Cup Online Gr-A"]
[Site "Tornelo INT"]
[Date "2021.03.28"]
[Round "8.4"]
[White "Smolik, Jachym"]
[Black "Weissenhofer, Jonas"]
[Result "1-0"]
[WhiteElo "2073"]
[BlackElo "1719"]
[PlyCount "109"]
[EventDate "2021.03.27"]
[EventType "team-tourn (rapid)"]
[EventRounds "9"]
[EventCountry "NET"]
[SourceTitle "CBM 201 Extra"]
[Source "ChessBase"]
[SourceDate "2021.05.31"]
[SourceVersion "1"]
[SourceVersionDate "2021.05.31"]
[SourceQuality "1"]
[WhiteTeam "Bohemian Fire II"]
[BlackTeam "Triesen"]
[WhiteTeamCountry "CZE"]
[BlackTeamCountry "LIE"]

1. d4 Nf6 2. Nf3 g6 3. c4 Bg7 4. Nc3 0-0 5. e4 d6 6. Be2 e5 7. d5 a5 8. Bg5 Na6 9. Nd2 h6 10. Be3 Kh7 11. a3 Ng8 12. 0-0 f5 13. f3 f4 14. Bf2 g5 15. b4 h5 16. c5 Rf6 17. Nc4 Bf8 18. cxd6 cxd6 19. Bb6 Qe8 20. Nxa5 Qg6 21. Nb5 g4 22. Bd8 Be7 23. Bxe7 Nxe7 24. Re1 Qg5 25. Nc4 g3 26. Bf1 Qh4 27. h3 Rg6 28. Re2 Bd7 29. Nbxd6 Rag8 30. Raa2 b5 31. Nf5 Nxf5 32. exf5 Bxf5 33. Nxe5 R6g7 34. Nc6 Nc7 35. Nd4 Bxh3 36. gxh3 g2 37. Rxg2 Qxh3 38. Rxg7+ Rxg7+ 39. Rg2 Rxg2+ 40. Bxg2 Qg3 41. Ne2 Qg5 42. Qc2+ Kg8 43. Qxc7 h4 44. Qc8+ Kh7 45. Qg4 Qxd5 46. Qxh4+ Kg7 47. Qg4+ Kh7 48. Nxf4 Qd4+ 49. Kh2 Qf6 50. Qg6+ Qxg6 51. Nxg6 Kxg6 52. Kg3 Kg5 53. f4+ Kf5 54. Kf3 Ke6 55. Ke4 1-0

[Event "EU-Cup Online Gr-A"]
[Site "Tornelo INT"]
[Date "2021.03.28"]
[Round "5.4"]
[White "Weissenhofer, Jonas"]
[Black "Arkell, Keith C"]
[Result "0-1"]
[WhiteElo "1719"]
[BlackElo "2381"]
[PlyCount "46"]
[EventDate "2021.03.27"]
[EventType "team-tourn (rapid)"]
[EventRounds "9"]
[EventCountry "NET"]
[SourceTitle "CBM 201 Extra"]
[Source "ChessBase"]
[SourceDate "2021.05.31"]
[SourceVersion "1"]
[SourceVersionDate "2021.05.31"]
[SourceQuality "1"]
[WhiteTeam "Triesen"]
[BlackTeam "La Garde du Roi"]
[WhiteTeamCountry "LIE"]
[BlackTeamCountry "BEL"]

1. e4 c6 2. d4 d5 3. exd5 cxd5 4. Bd3 Nc6 5. c3 Nf6 6. Bf4 Bg4 7. Qb3 Qd7 8. Nd2 e6 9. Ngf3 Bxf3 10. Nxf3 Bd6 11. Bxd6 Qxd6 12. 0-0 0-0 13. Rae1 Qc7 14. Ne5 Nxe5 15. Rxe5 Rab8 16. f4 g6 17. Qc2 b5 18. f5 Ng4 19. fxe6 fxe6 20. Rxf8+ Rxf8 21. Bxg6 Nxe5 22. dxe5 Qb6+ 23. Kh1 Rf1# 0-1

[Event "Locarno op 5th"]
[Site "Locarno"]
[Date "2020.10.16"]
[Round "1"]
[White "Lettieri, Giuseppe"]
[Black "Weissenhofer, Jonas"]
[Result "1-0"]
[WhiteElo "2436"]
[BlackElo "1723"]
[PlyCount "137"]
[EventDate "2020.10.16"]
[EventType "swiss"]
[EventRounds "5"]
[EventCountry "SUI"]
[SourceTitle "CBM 198 Extra"]
[Source "ChessBase"]
[SourceDate "2020.11.30"]
[SourceVersion "1"]
[SourceVersionDate "2020.11.30"]
[SourceQuality "1"]

1. c4 e5 2. Nc3 Nf6 3. g3 d5 4. cxd5 Nxd5 5. Bg2 Nb6 6. d3 Be7 7. Nf3 Nc6 8. 0-0 Be6 9. a3 0-0 10. b4 f6 11. Be3 Nd5 12. Nxd5 Bxd5 13. Rc1 Qd7 14. Qc2 Bd6 15. Bc5 Rac8 16. Rfd1 Qf7 17. Qc3 b6 18. Be3 Ne7 19. d4 e4 20. Ne5 Qe6 21. Nc4 f5 22. Nxd6 cxd6 23. Qd2 Bc4 24. d5 Bxd5 25. Rxc8 Rxc8 26. Bg5 Bc4 27. Qxd6 Qxd6 28. Rxd6 Bxe2 29. h3 Ng6 30. Rd5 Rf8 31. a4 Bd3 32. h4 h6 33. Bd8 f4 34. Bh3 e3 35. fxe3 fxe3 36. Rxd3 e2 37. Re3 e1Q+ 38. Rxe1 Rxd8 39. h5 Nf8 40. Re4 Nh7 41. Re7 Ng5 42. Bf5 Rd2 43. Kf1 Rd1+ 44. Ke2 Rd6 45. Rxa7 Ne6 46. Ke3 Nd4 47. Bg6 Kf8 48. Rf7+ Kg8 49. Rb7 Kf8 50. Ke4 Ne2 51. Ke5 Rf6 52. g4 Nf4 53. Rb8+ Ke7 54. Bf5 Ng2 55. Rg8 Kf7 56. Rc8 Ke7 57. Rc7+ Kf8 58. b5 Ne3 59. Be6 Ng2 60. Rc6 Ne3 61. Rc3 Ng2 62. Bf5 Nh4 63. Be4 Ke7 64. Rc7+ Kf8 65. Rc6 Ke7 66. Rxf6 gxf6+ 67. Kf4 Ke6 68. Kg3 f5 69. Bh1 1-0

[Event "EU-ch U14"]
[Site "Bratislava"]
[Date "2019.08.10"]
[Round "9"]
[White "Schouten, Mathias Lind"]
[Black "Weissenhofer, Jonas"]
[Result "1-0"]
[WhiteElo "1958"]
[BlackElo "1692"]
[PlyCount "84"]
[EventDate "2019.08.02"]
[EventType "swiss"]
[EventRounds "9"]
[EventCountry "SVK"]
[SourceTitle "EXT 2020"]
[Source "ChessBase"]
[SourceDate "2019.10.17"]
[SourceVersion "1"]
[SourceVersionDate "2019.10.17"]
[SourceQuality "1"]

1. e4 c5 2. Nf3 d6 3. d4 cxd4 4. Nxd4 Nf6 5. Nc3 a6 6. h3 e6 7. g4 Be7 8. Bg2 Nc6 9. Nxc6 bxc6 10. e5 Nd5 11. exd6 Bxd6 12. Ne4 Be7 13. c4 Nb6 14. Qxd8+ Bxd8 15. b3 Be7 16. Be3 Nd7 17. Rd1 Bb7 18. Ke2 Rc8 19. f4 h6 20. Nd6+ Bxd6 21. Rxd6 Ke7 22. Rhd1 Rhd8 23. Bf2 g5 24. Be1 Nc5 25. Rxd8 Rxd8 26. Bb4 Rxd1 27. Kxd1 Kd6 28. fxg5 hxg5 29. Ke2 f5 30. gxf5 exf5 31. Ke3 a5 32. Ba3 a4 33. Kd4 axb3 34. Bxc5+ Ke6 35. axb3 g4 36. h4 f4 37. Ke4 f3 38. Bf1 Bc8 39. Kf4 Kf6 40. Bd4+ Kg6 41. Bd3+ Kh5 42. Bf2 Be6 1-0

[Event "EU-ch U14"]
[Site "Bratislava"]
[Date "2019.08.03"]
[Round "2"]
[White "Weissenhofer, Jonas"]
[Black "Dahl, Max"]
[Result "0-1"]
[WhiteElo "1692"]
[BlackElo "1917"]
[PlyCount "58"]
[EventDate "2019.08.02"]
[EventType "swiss"]
[EventRounds "9"]
[EventCountry "SVK"]
[SourceTitle "EXT 2020"]
[Source "ChessBase"]
[SourceDate "2019.10.17"]
[SourceVersion "1"]
[SourceVersionDate "2019.10.17"]
[SourceQuality "1"]

1. e4 e6 2. d4 d5 3. Nc3 Nf6 4. e5 Nfd7 5. f4 c5 6. Nf3 Nc6 7. Be3 h6 8. Qd2 g5 9. g3 g4 10. Ng1 cxd4 11. Bxd4 Nxd4 12. Qxd4 Bc5 13. Qd2 a6 14. 0-0-0 b5 15. h3 Qb6 16. Qh2 Bb7 17. Bg2 gxh3 18. Qxh3 0-0-0 19. Qh5 Rhg8 20. Qf3 Rg6 21. Nge2 Rdg8 22. Rhf1 Bc6 23. Nb1 b4 24. Nd2 Bb5 25. Nb3 a5 26. Nxc5 Nxc5 27. Rg1 Bxe2 28. Qxe2 Rxg3 29. Qf2 Nb3+ 0-1

[Event "EU-ch U14"]
[Site "Bratislava"]
[Date "2019.08.02"]
[Round "1"]
[White "Cappelletto, Joshuaede"]
[Black "Weissenhofer, Jonas"]
[Result "1-0"]
[WhiteElo "2081"]
[BlackElo "1692"]
[PlyCount "93"]
[EventDate "2019.08.02"]
[EventType "swiss"]
[EventRounds "9"]
[EventCountry "SVK"]
[SourceTitle "EXT 2020"]
[Source "ChessBase"]
[SourceDate "2019.10.17"]
[SourceVersion "1"]
[SourceVersionDate "2019.10.17"]
[SourceQuality "1"]

1. e4 c5 2. Nf3 d6 3. d4 cxd4 4. Nxd4 Nf6 5. Nc3 a6 6. Nb3 e5 7. Bg5 Be6 8. Bxf6 Qxf6 9. Nd5 Qd8 10. a4 Nd7 11. Nd2 Bxd5 12. exd5 g6 13. a5 Bg7 14. Nc4 Qc7 15. Be2 0-0 16. 0-0 f5 17. c3 Rae8 18. Re1 e4 19. Qc2 Ne5 20. Nb6 Qe7 21. Rf1 Qh4 22. Ra4 Qg5 23. Qc1 Qxc1 24. Rxc1 Bh6 25. Rf1 Re7 26. c4 Rfe8 27. b4 Nd3 28. g3 Bd2 29. Rd1 Nb2 30. Rxd2 Nxa4 31. Nxa4 e3 32. fxe3 Rxe3 33. Kf2 Rb3 34. Rb2 Rxb2 35. Nxb2 Rc8 36. Ke3 Kf7 37. Bf3 g5 38. Bh5+ Kf6 39. Kd4 f4 40. gxf4 gxf4 41. c5 Ke7 42. Nc4 dxc5+ 43. bxc5 Rf8 44. Bf3 h5 45. Ne5 Rg8 46. d6+ Ke6 47. Bd5+ 1-0

[Event "EU Union-ch U12 15th"]
[Site "Mureck"]
[Date "2017.08.02"]
[Round "1"]
[White "Weissenhofer, Jonas"]
[Black "Petkov, Momchil"]
[Result "0-1"]
[WhiteElo "1422"]
[BlackElo "1944"]
[PlyCount "76"]
[EventDate "2017.08.02"]
[EventType "swiss"]
[EventRounds "9"]
[EventCountry "AUT"]
[SourceTitle "CBM 180 Extra"]
[Source "ChessBase"]
[SourceDate "2017.10.06"]
[SourceVersion "1"]
[SourceVersionDate "2017.10.06"]
[SourceQuality "1"]

1. e4 c5 2. Nf3 Nc6 3. d4 cxd4 4. Nxd4 g6 5. Nc3 Bg7 6. Be3 Nf6 7. f3 0-0 8. Qd2 d5 9. exd5 Nxd5 10. Nxc6 bxc6 11. Nxd5 cxd5 12. 0-0-0 Rb8 13. c3 Be6 14. Bxa7 Ra8 15. Bd4 Rxa2 16. Bxg7 Kxg7 17. Qd4+ Kg8 18. Bc4 dxc4 19. Qxd8 Ra1+ 20. Kc2 Bf5+ 21. Kd2 Rxd8+ 22. Ke2 Rdxd1 23. Rxd1 Rxd1 24. Kxd1 e5 25. g3 f6 26. Kd2 Kf7 27. Ke3 Ke6 28. Kf2 Kd5 29. Ke3 Bb1 30. f4 exf4+ 31. Kxf4 g5+ 32. Kf3 f5 33. Ke3 Ke5 34. Kf3 h5 35. h4 gxh4 36. gxh4 f4 37. Kf2 Ke4 38. Ke2 Bd3+ 0-1